Polskie miasta na literę "K" - Statystyki

Ogólne statystyki
  • Ten quiz został rozwiązany 3 161 razy
  • Średni wynik to 12 z 38
Statystyki odpowiedzi
Ludność Miasto % Poprawnych
780 800 Kraków
97%
290 600 Katowice
87%
184 900 Kielce
75%
21 200 Koło
70%
105 800 Koszalin
66%
45 900 Kołobrzeg
64%
99 100 Kalisz
63%
72 500 Konin
57%
46 100 Krosno
51%
53 700 Kędzierzyn-Koźle
41%
44 000 Kutno
40%
26 700 Kłodzko
29%
27 600 Kętrzyn
28%
38 000 Kwidzyn
28%
28 800 Krotoszyn
26%
23 600 Kluczbork
25%
36 900 Kraśnik
25%
23 700 Kościerzyna
24%
18 800 Krasnystaw
23%
14 200 Kartuzy
22%
14 400 Kępno
19%
38 600 Knurów
19%
16 000 Krapkowice
19%
10 400 Kolno
18%
19 000 Końskie
18%
23 600 Kościan
18%
17 700 Kostrzyn Nad Odrą
18%
13 000 Kłobuck
17%
18 400 Kamienna Góra
16%
11 200 Krosno Odrzanskie
15%
18 400 Kęty
13%
16 900 Kozienice
13%
13 000 Koluszki
12%
17 200 Konstancin-Jeziorna
10%
10 700 Kowary
10%
24 400 Kobyłka
8%
10 300 Koronowo
8%
18 200 Konstancin łódzki
3%
Nie znaleziono quizów pasujących do podanych kryteriów
Rozkład punktacji
Procent ludzi z każdym wynikiem
Percentyl według liczby udzielonych odpowiedzi
Twoja historia wyników
Nie rozwiązałeś tego quizu